| 000 | 00761cam a22002537a 4500 | ||
|---|---|---|---|
| 005 | 20220329141130.0 | ||
| 008 | 971010s1987 r 00010 d | ||
| 010 | _a63110 | ||
| 011 | _a64082 | ||
| 035 | _a69185 | ||
| 082 | 0 | 4 |
_a574.5 _bL3 |
| 100 | 0 | 0 |
_aLal, Rattan. _964518 |
| 245 | 1 | 0 | _aTropícal ecology and physical edaphology |
| 260 |
_aChichester : _bWiley, _c1987 |
||
| 300 |
_a732 p. _b: ilus. ; gráfs. |
||
| 590 |
_aBATCH-UPD _b10 _c20130110 _lUCH01 _h1527 |
||
| 590 |
_aBATCH-UPD _b10 _c20130410 _lUCH01 _h0936 |
||
| 590 |
_aBATCH-UPD _b10 _c20130914 _lUCH01 _h1228 |
||
| 590 |
_aCONVERSION _b10 _c20130109 _lUCH01 _h1334 |
||
| 650 | 1 | 4 |
_aEcología. _935134 |
| 650 | 1 | 4 |
_aSuelos tropicales. _9110563 |
| 650 | 1 | 4 |
_aSuelos _xFísica de. _9110373 |
| 901 | _aBK | ||
| 999 |
_c63110 _d63110 |
||